| 000 | 00580nam a2200205Ia 4500 | ||
|---|---|---|---|
| 003 | OSt | ||
| 005 | 20230403112349.0 | ||
| 008 | 210423s1992 xx 000 0 und d | ||
| 020 | _a0-33030752-5 | ||
| 040 | _cAL | ||
| 041 | _aeng | ||
| 082 |
_a813.54 _223 _bRIPS |
||
| 100 |
_aRIPLEY (Alexandra) _982479 |
||
| 245 | _aScarlett: the sequel to Margaret Mitchells gone with the wind | ||
| 260 |
_aLondon _bPan Book Ltd _c1992 |
||
| 300 |
_a838 _bPB |
||
| 650 |
_aAmerican Fiction _982480 |
||
| 906 | _agone ; Margaret ; Mitchells ; Scarlett: ; sequel ; wind | ||
| 942 |
_2ddc _cBK |
||
| 999 |
_c169077 _d169077 |
||